000 00446nam a2200157 i 4500
001 55780
003 ES-MaACL
005 20230906163222.0
007 t|
008 030926s1919 xxu ||||1| eng d
100 1 _aDexter, Edwin Grant.
_944051
245 1 2 _aA History of education in the United States /
_cEdwin Grant Dexter.
260 _aNew York :
_bMacmillan and CÂș,
_c1919.
300 _aXX, 656 p. ;
_c20 cm.
852 _aES-MaACL
_jF-7658
999 _c55780
_d55780